Řízení jakosti a spolehlivosti v elektronickém a zejména v mikroelektronickém průmyslu

Na minha lista:
Detalhes bibliográficos
Autor principal: Kaplan, Jiří
Formato: Livro
Idioma:tcheco
Publicado em: Praha Ústředí vědeckých, technických a ekonomických informací 1984
Tags: Adicionar Tag
Sem tags, seja o primeiro a adicionar uma tag!

MARC

LEADER 00000nam a2200000 4500
001 c108197
005 20251204122604.7
041 0 |a cze 
044 |a CZ 
245 1 0 |a Řízení jakosti a spolehlivosti v elektronickém a zejména v mikroelektronickém průmyslu  |c Jiří Kaplan 
264 1 |a Praha  |b Ústředí vědeckých, technických a ekonomických informací  |c 1984 
300 |a 76 s. 
100 1 |a Kaplan, Jiří